Guess the team from their previous players - Statistics

General Stats
  • This quiz has been taken 41 times
  • The average score is 9 of 10
Answer Stats
Hint Answer % Correct
Pirlo, Eriksen, Dalbert, Ibrahimovic, Chivu, Zanotti, Pandev... Inter Milan
100%
Nubel, Renato Sanches, Gotze, Zirkzee, Olic, Mario Gomez... Bayern Munich
97%
Malouda, Kalou, Bertrand, Falcao, Meireles, Zola, Robben... Chelsea
94%
Gallas, Crouch, Walker, Modric, Aurier, Gollini, Perisic... Tottenham Hotspur
94%
Immobile, Sahin, Sokratis, Gundogan, Modeste, Hitz... Borussia Dortmund
91%
Dubois, Cornet, Benzema, Toko Ekambi, Tolisso, Paqueta... Olympique Lyonnais
91%
Turan, David Villa, Lecomte, Simeone, Solari, Doherty... Atletico Madrid
88%
Juan Mata, Parejo, Albiol, Marcos Alonso, Woodgate, Owen... Real Madrid
88%
Nakamura, Juranovic, Hart, Jota, Tierney, Moussa Dembele... Celtic
70%
Gila, Reina, Acerbi, Joaquin Correa, Zaccagni, Klose... Lazio
67%
No matching quizzes found
Score Distribution
Percent of People with Each Score
Percentile by Number Answered
Your Score History
You have not taken this quiz